Nothing Changes - Hadestown - Statistics

General Stats
  • This quiz has been taken 20 times
  • The average score is 73 of 75
Answer Stats
Role Lyric % Correct
a
100%
ain’t,
100%
ain’t,
100%
ain’t
100%
anyhow
100%
bound,
100%
bound,
100%
bound
100%
changes
100%
changes
100%
changes
100%
done,
100%
done,
100%
done
100%
done
100%
get
100%
is
100%
It
100%
it
100%
it
100%
lose
100%
no
100%
Nothing
100%
Nothing
100%
Nothing
100%
river
100%
runs
100%
So
100%
That’s
100%
the
100%
the
100%
the
100%
the
100%
the
100%
to
100%
use
100%
way
100%
wet?
100%
What’s
100%
(Fates) what’s
100%
what’s
100%
Fates Why
100%
why
100%
Why
100%
Why
100%
Why
100%
Why
100%
why
100%
Why
100%
Why
100%
Why
100%
your
100%
your
100%
You’re
100%
you’re
100%
you’re
100%
break
94%
brow?
94%
make
94%
make
94%
strain?
94%
struggle,
94%
(Fates) sweat?
94%
swim
94%
(Fates) upstream?
94%
against
89%
go
89%
handsome
89%
precious
89%
trouble?
89%
beat
83%
breath?
83%
grain?
83%
waste
83%
scenes?
67%
No matching quizzes found
Score Distribution
Percent of People with Each Score
Percentile by Number Answered
Your Score History
You have not taken this quiz